• 首页
  • 本馆介绍
  • 公告通知
  • 最新文献
  • 馆藏检索
  • 电子资源
  • 读者导购
  • 参考咨询
  • 我的图书馆
  • 登录
  • 详细信息显示
  • 放入我的书架
  • 预约/预借图书
  • 作者相关作品
  • 分类相关作品
  • 丛书相关作品
  • 出版社相关作品

书目信息

  • 表格格式
  • 工作单格式
  • 卡片格式
题名:
社会主义宏观经济分析
    
 
作者: 符钢战 , 史正富 , 金重仁 著
分册:  
出版信息: 上海   格致出版社  2017
页数: 343页
开本: 24cm
丛书名: 当代经济学系列丛书
单 册:
中图分类: F123.16
科图分类:
主题词: 中国经济--宏观经济分析
电子资源:
ISBN: 978-7-5432-2736-1
000 01029oam2 2200289 450
001 012001005572
005 20080820103129.0
010    @a978-7-5432-2736-1@dCNY68.00
100    @a20170619d2017 em y0chiy50 ea
101 0  @achi
102    @aCN@b310000
105    @ay z 000yy
106    @ar
200 1  @a社会主义宏观经济分析@9she hui zhu yi hong guan jing ji fen xi@f符钢战,史正富,金重仁著
210    @a上海@c格致出版社@d2017
215    @a343页@d24cm
225 2  @a当代经济学系列丛书@i当代经济学文库@f陈昕主编
330    @a本书是中国第一部运用现代经济学框架分析中国经济运行的著作,它从社会主义国民收入生产、分配和使用的角度入手,从宏观的角度分析了社会主义短缺经济的总体运行过程。
461  0 @12001 @a当代经济学系列丛书
462  0 @12001 @a当代经济学文库
606 0  @a中国经济@x宏观经济分析
690    @aF123.16@v5
701  0 @a符钢战@9fu gang zhan@4著
701  0 @a史正富@9shi zheng fu@4著
701  0 @a金重仁@9jin zhong ren@4著
801  0 @aCN@b上海新华@c20180901
905    @b1174453-7@dF123.16@e295@f5
    
    社会主义宏观经济分析/符钢战,史正富,金重仁著.-上海:格致出版社,2017
    343页;24cm.-(当代经济学系列丛书.当代经济学文库/陈昕主编)
    
    
    ISBN 978-7-5432-2736-1:CNY68.00
    本书是中国第一部运用现代经济学框架分析中国经济运行的著作,它从社会主义国民收入生产、分配和使用的角度入手,从宏观的角度分析了社会主义短缺经济的总体运行过程。
●
相关链接 在E读中查询图书 在五车中查询图书 在当当中查询图书 在豆瓣中查询图书


正题名:社会主义宏观经济分析     索取号:F123.16/295         预约/预借

序号 登录号 条形码 馆藏地/架位号 状态 备注
1 1174453   211744530   第一样本阅览室/ [索取号:F123.16/295] 在馆    
2 1174454   211744549   第一借阅区/ [索取号:F123.16/295] 在馆    
3 1174455   211744558   第一借阅区/ [索取号:F123.16/295] 在馆    
4 1174456   211744567   密集书库-海洋学院/ [索取号:F123.16/295] 在馆    
5 1174457   211744576   第一借阅区/ [索取号:F123.16/295] 在馆    
唐山师范学院图书馆 欢迎您!
大连网信软件有限公司© 版权所有